LEADER 01317nam a2200313 a 4500 001 000000121376 003 CaOOAMICUS 005 20100426144109.0 008 100426s2010 it u000 u ita r 020 $a978-88-459-2460-6 040 $aPUL$bita$dReb 041 1 $aita$heng 082 04$a616.8 100 1 $aHillman, James.$0(OLS)http://pul/name/50177 240 10$aSuicide and the soul$lItaliano.$0(OLS)http://pul/title/152704 245 13$aIl suicidio e l'anima /$cJames Hillman ; traduzione di Adriana Bottini. 260 $aMilano :$bAdelphi,$c2010. 300 $a310 p. ;$c18 cm 490 1 $aPiccola biblioteca Adelphi ;$v596 650 4$aSuicidio$xAspetti morali ed etici.$0(OLS)http://pul/subject/17987 700 1 $aBottini, Adriana.$0(OLS)http://pul/name/76001 830 0$aPiccola biblioteca Adelphi ;$v596.$0(OLS)http://pul/title/37100 850 $aPUL 852 $aPUL$W1$xSL Cons. Gen., Altre Classi 3$y75$m616. 8 HILJA 1$j139235$qDDC 21$B138450$CPULBib$Z2$F138450 $H113267 $82 941 1 $a9 996 $6020$a978-88-459-2460-6$9(OLS)http://pul/number/143994 996 $6082$a616.8$9(OLS)http://pul/classification/423 996 $6245$aIl suicidio e l'anima$9(OLS)http://pul/title/152705 996 $6260$aMilano :$bAdelphi$9(OLS)http://pul/publisher/51018 LEADER 01211nam a2200289 a 4500 001 000000140904 003 CaOOAMICUS 005 20141212133536.0 008 141212s2007 it u000 u ita r 020 $a978-88-452-5902-9 040 $aPUL$bita 100 1 $aEco, Umberto,$d1932-2016.$0(OLS)http://pul/name/11020 245 10$aDall'albero al labirinto :$bstudi storici sul segno e l'interpretazione /$cUmberto Eco. 260 $aMilano :$bBompiani,$cİ2007. 300 $a575 p. ;$c22 cm 490 1 $aStudi Bompiani.$aIl campo semiotico 504 $aBibliografia: p. [537]-566. 650 4$aSemiotica.$0(OLS)http://pul/subject/9849 830 0$aStudi Bompiani.$pIl campo semiotico.$0(OLS)http://pul/title/97091 850 $aPUL 852 $aPUL$W1$xDP1 Fondo Capitani$y116$m2 A 100$j156329$qFondi$q $B162297$CPULBib$Z2$F162297 $HCap582 $81 941 1 $a1 961 $aDedica autografa dell'A. 996 $6020$a978-88-452-5902-9$9(OLS)http://pul/number/156527 996 $6245$aDall'albero al labirinto :$bstudi storici sul segno e l'interpretazione$9(OLS)http://pul/title/178274 996 $6260$aMilano :$bBompiani$9(OLS)http://pul/publisher/48240